The Japanese tea garden / (Record no. 352802)
[ view plain ]
| 000 -LEADER | |
|---|---|
| fixed length control field | 00943 a2200241 4500 |
| 003 - CONTROL NUMBER IDENTIFIER | |
| control field | OSt |
| 005 - DATE AND TIME OF LATEST TRANSACTION | |
| control field | 20180116192347.0 |
| 008 - FIXED-LENGTH DATA ELEMENTS--GENERAL INFORMATION | |
| fixed length control field | 120531t xxu||||| |||| 00| 0 eng d |
| 010 ## - LIBRARY OF CONGRESS CONTROL NUMBER | |
| LC control number | 2008043112 |
| 020 ## - INTERNATIONAL STANDARD BOOK NUMBER | |
| International Standard Book Number | 9781933330679 |
| 035 ## - SYSTEM CONTROL NUMBER | |
| System control number | (DNAL)1013586 |
| 040 ## - CATALOGING SOURCE | |
| Transcribing agency | 0 |
| 082 00 - DEWEY DECIMAL CLASSIFICATION NUMBER | |
| Classification number | 712.0952 |
| 100 1# - MAIN ENTRY--PERSONAL NAME | |
| Personal name | Keane, Marc P. |
| 9 (RLIN) | 2867 |
| 245 14 - TITLE STATEMENT | |
| Title | The Japanese tea garden / |
| Statement of responsibility, etc. | Marc Peter Keane. |
| 260 ## - PUBLICATION, DISTRIBUTION, ETC. | |
| Place of publication, distribution, etc. | Berkeley, CA : |
| Name of publisher, distributor, etc. | Stone Bridge Press, |
| Date of publication, distribution, etc. | c2009. |
| 300 ## - PHYSICAL DESCRIPTION | |
| Extent | 284 p. : |
| Other physical details | ill. ; |
| 505 0# - FORMATTED CONTENTS NOTE | |
| Formatted contents note | 1 . A brief history of tea -- 2. Cultural background -- 3. Muromachi society -- 4. Early development of the roji -- 5. From roji to chaniwa: tea gardens in the Edo -- 6. Extant tea gardens and gardens influenced by tea -- 7. Parts of a tea garden. |
| 650 10 - SUBJECT ADDED ENTRY--TOPICAL TERM | |
| Topical term or geographic name entry element | Japanese tea gardens. |
| 9 (RLIN) | 2868 |
| 650 10 - SUBJECT ADDED ENTRY--TOPICAL TERM | |
| Topical term or geographic name entry element | Japanese tea gardens |
| 9 (RLIN) | 2869 |
| 942 ## - ADDED ENTRY ELEMENTS (KOHA) | |
| Institution code [OBSOLETE] | SADA |
| Koha item type | Book |
| Call number prefix | 712.0952 KEA 2009 |
| Source of classification or shelving scheme | |
| Withdrawn status | Lost status | Source of classification or shelving scheme | Damaged status | Not for loan | Permanent Location | Current Location | Date acquired | Total Checkouts | Total Renewals | Full call number | Barcode | Date last seen | Date last checked out | Cost, replacement price | Price effective from | Koha item type |
|---|---|---|---|---|---|---|---|---|---|---|---|---|---|---|---|---|
| School of Art Design and Architecture (SADA) | School of Art Design and Architecture (SADA) | 04/13/2011 | 22 | 10 | 712.0952 KEA 2009 | SADA0000852 | 04/22/2016 | 04/06/2016 | 4262.00 | 08/05/2011 | Book |
